Statistics for Marvel Superhero Names - Weird

Click here to take the quiz!

General Stats

  • This quiz has been taken 13 times
  • The average score is 26 of 45

Answer Stats

HintAnswer% Correct
Aunt ManAnt-Man
100%
Widower NoirBlack Widow
92%
General BritainCaptain America
85%
Cap Tin Marred VealCaptain Marvel
85%
Cycle OpsCyclops
85%
DeadlypooDeadpool
85%
The Intangible HonkThe Incredible Hulk
85%
BestBeast
77%
Game More AhGamora
77%
Steel BoyIron Man
77%
A Damn War LockAdam Warlock
69%
Arch AngleArchangel
69%
Brown CougarBlack Panther
69%
Elect ThrowElectro
69%
Go StriderGhost Rider
69%
Unseen FemaleInvisible Woman
69%
Jeans GrayJean Grey
69%
Lock KeyLoki
69%
Arachnid ManSpider-Man
69%
Car NicheCarnage
62%
Dentist WeirdDoctor Strange
62%
Game BiteGambit
62%
EaglenoseHawkeye
62%
Person FlashlightHuman Torch
62%
MercuryQuicksilver
62%
WoolyveinWolverine
62%
Mistra FantabulousMister Fantastic
54%
Arachnid FemaleSpider-Woman
54%
ThingyThing
54%
Wore MushieWar Machine
54%
BeeWasp
54%
Maroon WhizScarlet Witch
46%
ThoroughThor
46%
Missile SquirrelRocket Raccoon
38%
PoisonVenom
38%
NilZero
38%
QuackQuake
31%
Read HonkRed Hulk
31%
RugRogue
31%
Sun GodStar-Lord
31%
Ex Twinnie TreeX-23
31%
Verdant SpriteGreen Goblin
23%
Scorch PinScorpion
23%
Rib GardenerRed Guardian
15%
Wolf’s BannedWolfsbane
15%

Score Distribution

Percentile by Number Answered

Percent of People with Each Score

Your Score History

You have not taken this quiz